| 000 | 01201nam a2200349 i 4500 | ||
|---|---|---|---|
| 999 |
_c170166 _d170166 |
||
| 001 | vtls000690313 | ||
| 003 | PNM | ||
| 005 | 20181114105155.0 | ||
| 008 | 120920n xxka b 000 1 eng d | ||
| 020 |
_a9781409301356 _cRM10.81 _qpaperback |
||
| 039 | 9 |
_a201210190801 _bmanoriah _c201210181511 _dnoraini_y |
|
| 040 |
_aPNM _beng _cPNM _dPPAK _erda |
||
| 082 | 0 | 4 |
_a428.6 _222 |
| 090 | 1 | 0 |
_a428.6 _bMUR _dK |
| 100 | 1 |
_aMurray, W. _q(William), _d1912-1995 _eauthor. |
|
| 245 | 1 | 0 |
_aAdventure on the island / _cwritten by W. Murray ; illustrated by J.H. Wingfield |
| 264 | 1 |
_aLondon : _bLadybird, _c[date of publication not identified] |
|
| 300 |
_a50 pages : _bcolour illustrations ; _c18 cm |
||
| 336 |
_2rdacontent _atext |
||
| 337 |
_2rdamedia _aunmediated |
||
| 338 |
_2rdacarrier _avolume |
||
| 490 | 1 |
_aKey words with Peter and Jane. Series a ; _v10a |
|
| 500 | _aOriginally published: 1997 | ||
| 650 | 1 | 0 | _aReaders (Primary) |
| 700 | 1 |
_aWingfield, J. H. _eillustrator. |
|
| 830 | 0 |
_aKey words with Peter and Jane. Series a ; _v10a |
|
| 942 |
_2ddc _cB |
||
| 949 |
_61000838763 _e2029084 |
||
| 949 |
_61000838764 _e2029085 |
||
| 949 |
_61000838765 _e2029086 |
||
| 949 |
_61000838766 _e2029087 |
||